| 000 | 00790nmm a2200253 a 4500 | ||
|---|---|---|---|
| 001 | ocm000595757 | ||
| 003 | TR-IsHL | ||
| 005 | 20201028133820.0 | ||
| 008 | 131121s2005 tu tur | ||
| 007 | cr cn | ||
| 020 | _a9789755129792 | ||
| 035 |
_a595757 _b(N$T) |
||
| 050 | 0 | 4 |
_aKKX2978 _b.S53 2005 |
| 090 | 0 | 4 |
_aKKX2978 _b.S53 2005 |
| 245 | 1 | 0 |
_aSicil uygulamaları rehberi _h[electronic resource] |
| 260 |
_aİstanbul : _bİstanbul Ticaret Odası, _c2005 |
||
| 300 | _a86 p. | ||
| 650 | 4 | _aHukuk | |
| 650 | 4 | _aLaw | |
| 650 | 0 |
_aTürkiye _x Yerel yönetim çalışanları |
|
| 650 | 0 |
_aTurkey _x Officials and employees |
|
| 650 | 7 |
_aLAW / Labor & Employment _2bisacsh |
|
| 856 | 4 | 0 | _uhttp://search.ebscohost.com/login.aspx?direct=true&scope=site&db=e011xww&AN=595757 |
| 999 |
_c5850 _d5850 |
||